| 000 | 00843cam0a2200277 i 4500 | ||
|---|---|---|---|
| 999 |
_c6828 _d6828 |
||
| 001 | 00639987 | ||
| 003 | yeezen | ||
| 005 | 20201023132930.0 | ||
| 008 | chi | ||
| 010 | 0 | _b平裝 | |
| 020 | _a978-986-85606-0-4 | ||
| 042 | _anbic | ||
| 210 | _a臺北市 | ||
| 245 |
_a快樂與痛苦 _c仁欽多吉仁波切 |
||
| 260 | 1 |
_a台北市 _b寶吉祥 _c2009 |
|
| 700 | 0 |
_a仁欽多吉 _4口述 |
|
| 942 |
_2ccl _cBOOK |
||